The walking dead all characters (seasons 1-8) - Statistics

General Stats
  • This quiz has been taken 1,316 times
    1,186 since last reset
  • The average score is 60 of 96
Answer Stats
Hint Answer % Correct
Main character, sheriff from Atlanta Rick
100%
Main characters son, dies from walker bite Carl
98%
Huntsman who carries crossbow, right hand man of Rick Daryl
98%
Quick Asian boy, saves main character in Atlanta, died from Lucille Glenn
98%
Main characters wife, died giving birth at the prison Lori
98%
First person to meet main character after waking from a coma, reunited in season 5, uses a stick, leaves for Fear the Walking Dead Morgan
98%
Best friend of main character, led wife and son to safety, died by gunshot Shane
98%
Sharpshooting blonde female, died from walker bite Andrea
97%
Loses husband and daughter, "mother of the group", moves to the Kingdom Carol
97%
Little girl lost in season 2 premiere, found as a walker in the barn Sophia
94%
Sister of sharpshooter, died day before her birthday Amy
93%
Brother of Daryl, killed by the governor Merle
93%
Youngest daughter of farmer, kidnapped, died at hospital Beth
91%
Owns RV, walker rips open stomach Dale
91%
Owner of farm, loses his leg, decapitated Hershel
91%
Oldest daughter of farmer, married to Glenn, pregnant, becomes leader of the Hilltop Maggie
91%
Lost key on the roof, sacrificed himself at prison T-Dog
91%
Abusive husband, dies in tent at Atlanta camp Ed
90%
Carries 2 walkers and a sword, saves Andrea, starts dating Rick in season 6 Michonne
89%
Shot Carl by accident, sacrificed by Shane at high school Otis
89%
Died from mothers walker, son of Morgan Duane
80%
Sister of tyreese, sharpshooter, leads Maggie to the hilltop, kills herself to start all out war Sasha
80%
Daughter of Rick, biological daughter of Shane, "lil ass kicker" Judith
79%
Last Doctor left at CDC Dr Jenner
77%
Dates Abraham, made Abraham go back for Glenn, shoots Lucille Rosita
77%
Scientist, lied to get to Washington, D.C., switches sides between Alexandria and the Saviors Eugene
76%
Priest, learns to kill and survive while keeping faith Gabriel
76%
Mechanic who watched child and wife die, died from walker bite at Atlanta camp Jim
75%
Leader at Woodbury, attacks prison multiple times, stabbed by michonne and killed by Lilly The Governor
75%
Former sergeant, watched his wife and kids die, first victim of Lucille Abraham
74%
Wife of T-Dog, stayed behind at CDC Jacqui
73%
Boyfriend of Sasha, ex military aid, left was cut off and eaten, died from bite Bob
72%
Dates Carl, watched her parents die, goes on runs to be alone Enid
72%
Escaped hospital, died in revolving door Noah
72%
Watched her sister die, helped Glenn find Maggie, found Oceanside Tara
72%
Spanish man who left the group after attack on Atlanta camp, reappeared in season 8 as a savior, killed by Daryl Morales
71%
Wife of Otis, dies on attack at farm Patricia
70%
Scouter for Alexandria, recruits Daryl to be scouter with him Aaron
69%
Gets beaten by her husband, dated Rick, let herself die after watching her son get eaten Jessie
69%
First boyfriend of Beth, dies in RV Jimmy
67%
Little girl who believe walkers were friendly, shot by carol Lizzie
67%
Takes Daryl hostage, kills Denise, gets burned with the iron, betrays saviors in all out war Dwight
66%
Leader at the kingdom, has a pet tiger Ezekiel
66%
Leader of the saviors, carries Lucille, savior representative at Alexandria, gets taken prisoner at the end of all out war Negan
66%
Uses hammer, gets beat up by Rick, dies from bite, hallucinates dead characters when dying Tyreese
66%
Baseball bat covered in barbed wire Lucille
65%
Advisor of the governor, killed and left to turn and kill Andrea Milton
65%
Most skilled at the hilltop, wants hilltop and Alexandria to work together, advisor to Maggie Jesus
63%
Dated the governor then killed him, died in crowd of walkers Lilly
62%
Killed by her own sister Mika
62%
Prisoner, won't beg for his life, dies at attack on Woodbury Oscar
62%
Prisoner, shot in the head while talking to carol Axel
61%
Dates Tara, gets shot in the eye with a crossbow Denise
61%
Leader of group at hospital, killed by Daryl after killing Beth Dawn
60%
Prisoner, tries to kill Rick several times before getting killed by Rick Tomas
60%
Pet tiger at the kingdom, dies saving Ezekiel from walkers Shiva
59%
Other son of leader of Alexandria, questions ricks leadership Spencer
59%
Right hand man of negan, savior representative at the Hilltop, strangled and killed by Negan in a fight after planning to murder him, left as a walker on sanctuary fence Simon
58%
Leader of terminus, killed by machete with red handle Gareth
57%
Younger brother of Benjamin, learns to use a stick from Morgan, learning to survive from Carol Henry
57%
Loyal right hand man of Ezekiel, good sense of humor Jerry
57%
Oldest son of Jessie, shoots Carl in the eye, killed by michonne after his whole family dies Ron
57%
Leader of Alexandria, killed in walker invasion Deanna
56%
Boyfriend of Aaron, injures ankle, killed during attack on savior outpost and left to turn Eric
56%
Young soldier of the Kingdom, dies from gunshot to the femoral artery Benjamin
55%
Leader at the hilltop, loses power to Maggie Gregory
55%
Lead soldier of the governor, killed in walker pit Martinez
55%
Younger son of Jessie, asks carol for cookies, eaten by walkers Sam
54%
Husband of leader of Alexandria, accidentally had his throat slit Reg
51%
In charge of food rations and guns, taken hostage by leader of wolves, killed by Arat after Lucille is shot Olivia
48%
Puts his life before others, responsible for deaths of Noah and Aidan, almost killed Glenn twice, shoots himself in the head Nicholas
47%
Saved Tara on the beach Cindy
46%
Beats his wife, killed by Rick after accidentally killing Reg Pete
45%
Killed due to grenade explosion, son of leader of Alexandria Aidan
44%
First one to get the flu, died in the shower Patrick
43%
Other prisoner, killed by Tomas Big Tiny
42%
Leader of the scavengers (the garbage people), likes Rick, real name is Anne Jadis
42%
Daughter of lily, killed by walker Megan
42%
Ex wife of Dwight, watched her sister die, forced to marry negan, leaves the sanctuary Sherry
39%
Prisoner, sets of alarm, killed by Oscar Andrew
37%
Found in the woods by Carl, keeps count of walkers he kills Siddiq
37%
Helps Morgan in his time alone, teaches him that all life is precious Eastman
36%
Baby found by Rick at savior outpost, taken to Hilltop Gracie
36%
Works on construction for Alexandria, likes Carol, stabbed and turned after savior attack on the Hilltop Tobin
36%
Second boyfriend of Beth, dies in Big Spot Zack
35%
Mother of leader of terminus, shot and left to be eaten by carol Mary
32%
Doesn't think Rick cares about the whole group, gets separated from Tara Heath
31%
Kingsguard of Ezekiel, strangled by Morgan Richard
31%
Savior prisoner who wants to be a Hilltop citizen, freed and offers to help rebuild after all out war Alden
29%
Blonde female savior lieutenant, tells Negan about Dwight's betrayal Laura
26%
Other soldier of the governor Shumpert
24%
Savior representative at the Kingdom, killed by Henry Gavin
20%
Runs into Maggie, Enid, Michonne, and Rosita on the road, has "a key to the future" Georgie
19%
Kills Benjamin and abuses Richard, gets taken prisoner at the Hilltop, killed by Morgan and walkers Jared
16%
Negans top female soldier, killed by Rosita Regina
10%
Grandmother of Cindy, leader of Oceanside, shot and killed by Enid Netanya
2%
No matching quizzes found
Score Distribution
Percent of People with Each Score
Percentile by Number Answered
Your Score History
You have not taken this quiz since the last reset